000 00608nam a2200217Ia 4500
008 101110s9999 xx 000 0 und d
041 _aENGLISH
082 _bSR33340
100 _aBeiser Arthur; Mahajan Shobhit; Choudhary S. Rai
245 _aConcepts of modern physics ,6th edition
260 _c2009
_bTata McGraw Hill Education. New Delhi
300 _a623
365 _b375
520 _aPhysics
546 _aENGLISH
630 _aConcepts of modern physics ,6th edition
650 _aPhysics
655 _aPhysics
730 _aConcepts of modern physics ,6th edition
942 _cBOOK
999 _c825841
_d825838